Management control systems / | (Record no. 1546)
[ view plain ]
| 000 -LEADER | |
|---|---|
| fixed length control field | 01220cam a2200181 a 4500 |
| 020 ## - INTERNATIONAL STANDARD BOOK NUMBER | |
| ISBN | 0072819316 |
| 050 ## - CALL NUMBER | |
| Classification number | HD31 | |
| Item number | .A589 2004 |
| 100 ## - AUTHOR | |
| Personal name | Anthony, Robert N. |q (Robert Newton), |
| 245 ## - TITLE | |
| Title | Management control systems / | |
| Statement of responsibility, etc | Robert N. Anthony, Vijay Govindarajan. |
| 250 ## - EDITION | |
| Edition statement | 11th ed. |
| 260 ## - PUBLICATION INFORMATION | |
| Place of publication | Boston : |
| Name of publisher | McGrawHill/Irwin, |
| Year of publication | c2004. |
| 300 ## - DESCRIPTION | |
| Number of Pages | xii, 851 p. |
| Other physical details | ill. ; |
| Dimensions | 26 cm. |
| 500 ## - NOTES | |
| General note | includes index. |
| 505 ## - FORMATTED CONTENTS NOTE | |
| Table of Content | Chapter 1. Nature of Management Systems, <br/>Chapter 2. The management control environment, <br/>Chapter 3. Behavior in organisations, <br/>Chapter 4. Responsibility centers, <br/>Chapter 5. Profit centers, <br/>Chapter 6. Transfer pricing, <br/>Chapter 7. Measuring and controlling assets employed, <br/>Chapter 8. Strategic panning, <br/>Chapter 9. Budget preparation, <br/>Chapter 10. Analyzing financial performance reports, Chapter Chapter 11. Performance measurement, <br/>Chapter 12. Management compensation,<br/>Chapter 13. Variations in management control, <br/>Chapter 14. Service organisations, <br/>Chapter 15. Multinational organisations, <br/>Chapter 16. Management control of projects |
| 650 ## - SUBJECTS | |
| Topical Term | Industrial management, Industrial management |
| General subdivision | |
| 700 ## - OTHER AUTHORS | |
| Personal name | Govindarajan, Vijay. |
| 942 ## - ADDED ENTRY ELEMENTS (KOHA) | |
| Koha item type | Books |
| Withdrawn status | Lost status | Home library | Current library | Shelving location | Date acquired | Full call number | Accession Number | Koha item type |
|---|---|---|---|---|---|---|---|---|
| Methodist University Library Tema | Methodist University Library Tema | General Stacks | 09/03/2006 | HD31 | .A589 | 21376 | Books | ||
| Methodist University Library Tema | Methodist University Library Tema | General Stacks | 09/03/2006 | HD31 | .A589 2004 | 21383 | Books | ||
| Methodist University Library Tema | Methodist University Library Tema | General Stacks | 08/11/2018 | HD31 | .A589 | 28522 | Books |